LEADER 01240nam a22002891i 4500 001 991000985709707536 005 20030115165823.0 008 021111s1979 it |||||||||||||||||ita 035 $ab12083677-39ule_inst 035 $aARCHE-017347$9ExL 040 $aDip.to Filologia Ling. e Lett.$bita$cA.t.i. Arché s.c.r.l. Pandora Sicilia s.r.l. 245 00$aRetorica e scienze del linguaggio :$batti del 10. congresso internazionale di studi$h[dellaSLI] : Pisa, 31 maggio - 2 giugno 1976 / a cura di Federico Albano Leoni e M. Rosaria Pigliasco 260 $aRoma :$bBulzoni,$c1979 300 $aXVI, 356 p. ;$c22 cm 490 0 $aPubblicazioni della Società di linguistica italiana 650 4$aCongressi$xPisa$y1976 650 4$aLinguaggio$xCongressi 650 4$aRetorica$xCongressi 700 1 $aAlbano Leoni, Federico 700 1 $aPigliasco, M. Rosaria 710 2 $aSocietà di linguistica italiana 907 $a.b12083677$b28-04-17$c01-04-03 912 $a991000985709707536 945 $aLE008 L.L.I.D B I 8$g1$i2008000459758$lle008$o-$pE0.00$q-$rl$s- $t0$u1$v0$w1$x0$y.i12382966$z01-04-03 996 $aRetorica e scienze del linguaggio$9140711 997 $aUNISALENTO 998 $ale008$b01-04-03$cm$da $e-$fita$git $h0$i1